| 000 | 01383cam a2200373 a 4500 | ||
|---|---|---|---|
| 001 | 21527 | ||
| 003 | VRT | ||
| 005 | 20260303152718.0 | ||
| 008 | 250313s1978 ru a a 000 j slo | ||
| 035 | _aSNK000217713 | ||
| 035 | _aurn:nbn:sk:snk-amk2v7 | ||
| 035 | _aurn:nbn:sk:snk-am0083ky | ||
| 035 | _a3F5F36F2-5909-414A-B663-0D766C91F935 | ||
| 039 | 9 |
_a202503131228 _bVLOAD _c202402261728 _dVLOAD _c202205120756 _dVLOAD _c201904121425 _dAUTHORITY |
|
| 040 |
_aSNK _bslo _cSNK _eAACR2 |
||
| 041 | 1 |
_aslo _hrus |
|
| 044 |
_aru _cRU |
||
| 080 |
_a882-93-34 _21981 |
||
| 080 |
_a398.2(=82) _21981 |
||
| 100 | 1 |
_aTolstoj, Aleksej Nikolajevič, _d1883-1945 _4aut |
|
| 245 | 1 | 0 |
_aAko sa líška učila lietať _bruské ľudové rozprávky _cv spracovaní Aleksej Nikolajevič Tolstoj ; preložila V. Hegerová ; ilustroval J. Račov |
| 250 | _a[1.] vyd. | ||
| 260 |
_aMoskva _bMalyš _c[asi r. 1978] |
||
| 300 |
_a76 s. _bilustr. _c4° |
||
| 655 | 7 |
_aruské rozprávky _2SNKPH |
|
| 655 | 7 |
_apublikácie pre deti _2SNKPH |
|
| 700 | 1 |
_aHegerová, Viera, _d1933- _4trl |
|
| 700 | 1 |
_aRačov, Jevgenij Michajlovič, _d1906-1997 _4ill |
|
| 942 |
_2ddc _cKLDE _n0 |
||
| 949 |
_617A0971205 _asnkSB 27563 _bsnkZK 115/79 _s6100:20140925 |
||
| 949 |
_617A0536386 _asnkSB 27563 D1 _bsnkZK 116/79 _qrekatalogizácia |
||
| 999 |
_c21527 _d21527 |
||